Bibliografía de la imprenta en Santiago de Chile desde sus orígenes hasta febrero de 1817. Adiciones y ampliaciones.

Gorde:
Xehetasun bibliografikoak
Egile nagusia: Medina, José Toribio, 1852-1930
Beste egile batzuk: Feliú Cruz, Guillermo (introducción)
Formatua: Liburua
Hizkuntza:gaztelania
Argitaratua: Santiago, Chile: Fondo Histórico y Bibliográfico José Toribio Medina, 1961.
Edizioa:Edición facsimilar.
Gaiak:
Etiketak: Etiketa erantsi
Etiketarik gabe, Izan zaitez lehena erregistro honi etiketa jartzen!

MARC

LEADER 00000nam a2200000 a 4500
001 UCO0655
003 CL-VaPUC
005 20220822114343.0
008 000428e19610000CL |||||||||||||||||spa|d
999 |c 287303  |d 287301 
040 |c Pontificia Universidad Católica de Valparaíso 
082 0 4 |a 686.20983 MED 1961  |2 21 
100 |a Medina, José Toribio,  |9 864344  |d 1852-1930 
245 1 0 |a Bibliografía de la imprenta en Santiago de Chile desde sus orígenes hasta febrero de 1817.  |b Adiciones y ampliaciones. 
250 |a Edición facsimilar. 
260 |a Santiago, Chile:  |b Fondo Histórico y Bibliográfico José Toribio Medina,  |c 1961. 
300 |a xxxvii, XLI, 179, 131 páginas.  
500 |a c.2 Donación Familia Prof. Alejandro Guzmán Brito. Homenaje al Sesquicentenario de la Independencia Nacional 1810-1960. 
583 |a last modification  |c 20000428 00:00:00  |k Rodrigo Vera 
650 0 |a Imprenta  |2 CL-VaPUC  |9 265883  |x Bibliografía  |z Chile  
700 |a Feliú Cruz, Guillermo  |e introducción  |9 375429 
852 |a BIBCUR 
942 |c BK  |2 ddc  |n 0 
945 |d 20000428 00:00:00  |a crobeson 
952 |0 0  |1 0  |2 ddc  |4 0  |6 686_209830000000000_MED_1961  |7 0  |8 X  |9 334092  |a BIBHIS  |b BIBHIS  |d 2019-11-20  |i 1271024  |l 1  |o 686.20983 MED 1961  |p 1271024  |r 2024-01-30  |s 2023-06-28  |t 1  |w 2019-11-20  |y BK_X  |k HIS